000 00551nam a2200217Ia 4500
003 GCL
008 140319s9999 xx 000 0 eng d
040 _aGCL /
_cGCL
082 0 4 _aCC
_b291.23
_bF A
100 1 _aFRANKFORT,HENRI
245 1 0 _aANCIENT EGYPTIAN RELIGION /
_cFRANKFORT,HENRI
260 _a[S.N] :
_bHARPER AND BROTHERS ،
_c1948
300 _a156
650 0 4 _aEGYPT
650 0 4 _aEGYPTOLOGY
650 0 4 _aEGYPT - FAMILY
650 0 4 _aGODS, EGYPTIAN
650 0 4 _aEGYPTIAN LIFE
650 0 4 _aEGYPT - HISTORY
942 _2ddc
_cBK
999 _c20210
_d20210